000 00352nam a2200145Ia 4500
008 210210b1986 xxu||||| |||| 00| 0 eng d
082 _a535.58 TARL
100 _aTARASOV (L).
245 _aLasers physics & applications.
260 _aMoscow
_bMir Publishers
_c1986
300 _a191
650 _aLaser Physics
690 _aOptics
906 _a041437
999 _c91609
_d91609